00492nam a2200193 a 4500001001300000003000900013005001700022008004100039020001000080082001400090100001200104245005700116260004300173300000900216500003500225505001000260650001600270700001200286nice12345678IN_TiNIC20260116011431.0050524s1893 lona grp 000 0 eng  ac10000a239bMUI1 aMuir, W aSweet First Fruitsb Tale of the Nineteenth Century. aLondonbReligious Tracts Societyc1893 a176p aincludes index and biblioraphy2 aIndex aApologetics1 aMuir, W